[Event "2016 Redpath Mining Millionaire Chess Open"]
[Site "Venue: Old Ed’s Sports Complex, Houghton, Johannesburg"]
[Date "2016.07.13"]
[Round "1"]
[Board "21"]
[White "Thabethe, Nhlanhla"]
[Black "Claassen, Gabriella"]
[Result "1-0"]
[WhiteElo "1802"]
[BlackElo "1122"]
[PlyCount "0"]
[EventDate "2016.07.13"]
[EventRounds "9"]
[EventCountry "RSA"]

1. d4 {[%clk 1:30:31]} Nf6 {[%clk 1:30:51]} 2. c4 {[%clk 1:30:35]} c5
{[%clk 1:31:10]} 3. e3 {[%clk 1:28:39]} cxd4 {[%clk 1:30:38]} 4. exd4
{[%clk 1:27:28]} g6 {[%clk 1:29:15]} 5. g3 {[%clk 1:22:18]} e6 {[%clk 1:26:47]}
6. Bg2 {[%clk 1:20:51]} d5 {[%clk 1:23:48]} 7. Ne2 {[%clk 1:19:41]} Nc6
{[%clk 1:20:58]} 8. O-O {[%clk 1:15:13]} Bg7 {[%clk 1:20:42]} 9. Nbc3
{[%clk 1:14:57]} dxc4 {[%clk 1:20:23]} 10. Bg5 {[%clk 1:12:31]} Ne7
{[%clk 1:16:33]} 11. Qa4+ {[%clk 1:08:52]} Bd7 {[%clk 1:14:49]} 12. Qxc4
{[%clk 1:08:32]} Rc8 {[%clk 1:12:48]} 13. Qb4 {[%clk 1:07:36]} Bc6
{[%clk 1:11:13]} 14. Bxc6+ {[%clk 0:58:10]} bxc6 {[%clk 1:08:58]} 15. Bxf6
{[%clk 0:58:16]} Bxf6 {[%clk 1:09:10]} 16. Ne4 {[%clk 0:58:04]} Nd5
{[%clk 1:07:18]} 17. Qa3 {[%clk 0:54:03]} Rc7 {[%clk 1:03:03]} 18. Rac1
{[%clk 0:45:59]} Be7 {[%clk 1:01:20]} 19. Qf3 {[%clk 0:42:32]} f5
{[%clk 0:58:41]} 20. Nc5 {[%clk 0:42:05]} Kf7 {[%clk 0:56:28]} 21. Rfe1
{[%clk 0:41:36]} Bxc5 {[%clk 0:53:06]} 22. Rxc5 {[%clk 0:41:15]} Re8
{[%clk 0:53:22]} 23. Rec1 {[%clk 0:40:32]} Qd6 {[%clk 0:51:39]} 24. a3
{[%clk 0:38:38]} e5 {[%clk 0:49:00]} 25. Qb3 {[%clk 0:37:34]} Rec8
{[%clk 0:47:49]} 26. dxe5 {[%clk 0:36:24]} Qxe5 {[%clk 0:47:49]} 27. Nf4
{[%clk 0:36:24]} g5 {[%clk 0:45:25]} 28. Nd3 {[%clk 0:28:50]} Qd6
{[%clk 0:44:08]} 29. Nb4 {[%clk 0:27:18]} Kg6 {[%clk 0:38:14]} 30. Na6
{[%clk 0:25:50]} Re7 {[%clk 0:36:57]} 31. Qc4 {[%clk 0:22:20]} Re6
{[%clk 0:35:49]} 32. h4 {[%clk 0:15:10]} gxh4 {[%clk 0:35:18]} 33. Qxh4
{[%clk 0:15:30]} Rce8 {[%clk 0:34:09]} 34. Nb4 {[%clk 0:09:30]} Rc8
{[%clk 0:33:29]} 35. Nxd5 {[%clk 0:08:45]} Rd8 {[%clk 0:33:04]} 36. Nf4+
{[%clk 0:08:58]} Kg7 {[%clk 0:33:12]} 37. Nxe6+ {[%clk 0:09:13]} Qxe6
{[%clk 0:33:32]} 38. Qxd8 {[%clk 0:09:33]} f4 {[%clk 0:33:25]} 39. Rxc6
{[%clk 0:09:26]} Qf7 {[%clk 0:33:43]} 40. Qg5+ {[%clk 0:09:38]} Kf8
{[%clk 0:33:51]} 41. Rc8+ {[%clk 0:09:56]} Qe8 {[%clk 0:34:04]} 42. Qf6+
{[%clk 0:10:14]} Kg8 {[%clk 0:34:15]} 43. Rxe8# {[%clk 0:10:32]} 1-0

[Event "2016 Redpath Mining Millionaire Chess Open"]
[Site "Venue: Old Ed’s Sports Complex, Houghton, Johannesburg"]
[Date "2016.07.13"]
[Round "1"]
[Board "23"]
[White "Marais, Alwyn Johannes"]
[Black "Marais, Daniel"]
[Result "0-1"]
[WhiteElo "1095"]
[BlackElo "1771"]
[PlyCount "0"]
[EventDate "2016.07.13"]
[EventRounds "9"]
[EventCountry "RSA"]

1. e4 {[%clk 1:30:46]} c5 {[%clk 1:28:28]} 2. Nf3 {[%clk 1:28:56]} d6
{[%clk 1:27:09]} 3. d4 {[%clk 1:27:25]} cxd4 {[%clk 1:27:29]} 4. Nxd4
{[%clk 1:27:41]} Nf6 {[%clk 1:27:54]} 5. Nc3 {[%clk 1:27:12]} a6 {[%clk 1:28:17]}
6. f3 {[%clk 1:26:02]} e6 {[%clk 1:26:51]} 7. Be3 {[%clk 1:25:15]} Be7
{[%clk 1:27:13]} 8. Bd3 {[%clk 1:23:51]} O-O {[%clk 1:27:31]} 9. Qd2
{[%clk 1:22:58]} Nbd7 {[%clk 1:27:46]} 10. O-O-O {[%clk 1:22:42]} b5
{[%clk 1:28:03]} 11. g4 {[%clk 1:19:38]} Ne5 {[%clk 1:28:14]} 12. h4
{[%clk 1:14:58]} b4 {[%clk 1:26:55]} 13. Na4 {[%clk 1:13:56]} Qa5
{[%clk 1:26:45]} 14. b3 {[%clk 1:13:24]} Bd7 {[%clk 1:27:08]} 15. Nb2
{[%clk 1:11:01]} Qxa2 {[%clk 1:27:26]} 16. Qxb4 {[%clk 1:09:03]} a5
{[%clk 1:26:05]} 17. Qc3 {[%clk 1:07:01]} d5 {[%clk 1:25:55]} 18. Qc7
{[%clk 1:03:27]} Bb4 {[%clk 1:25:01]} 19. c3 {[%clk 0:59:32]} Rac8
{[%clk 1:24:54]} 20. Qxe5 {[%clk 0:58:12]} Rxc3+ {[%clk 1:25:02]} 21. Nc2
{[%clk 0:57:42]} Qa1+ {[%clk 1:25:07]} 22. Kd2 {[%clk 0:56:13]} Qxb2
{[%clk 1:25:27]} 23. Bd4 {[%clk 0:55:43]} Rxc2+ {[%clk 1:25:45]} 24. Ke3
{[%clk 0:55:27]} Qxb3 {[%clk 1:26:07]} 25. Rb1 {[%clk 0:51:59]} Bd2+
{[%clk 1:26:31]} 26. Kf2 {[%clk 0:51:59]} Bf4+ {[%clk 1:26:59]} 27. Kg1
{[%clk 0:51:55]} Qxb1+ {[%clk 1:27:26]} 28. Bf1 {[%clk 0:51:48]} Bb5
{[%clk 1:27:43]} 29. Qxf6 {[%clk 0:51:28]} Qxf1# {[%clk 1:28:06]} 0-1

[Event "2016 Redpath Mining Millionaire Chess Open"]
[Site "Venue: Old Ed’s Sports Complex, Houghton, Johannesburg"]
[Date "2016.07.13"]
[Round "1"]
[Board "24"]
[White "Molebatsi, Teboho"]
[Black "Vedant, Kumar Saravana"]
[Result "1-0"]
[WhiteElo "1734"]
[BlackElo "1074"]
[PlyCount "0"]
[EventDate "2016.07.13"]
[EventRounds "9"]
[EventCountry "RSA"]

1. e4 {[%clk 1:30:56]} e5 {[%clk 1:30:58]} 2. Nf3 {[%clk 1:31:17]} Nc6
{[%clk 1:31:22]} 3. Bc4 {[%clk 1:31:36]} Bc5 {[%clk 1:31:38]} 4. Nc3
{[%clk 1:31:57]} Nf6 {[%clk 1:31:53]} 5. d3 {[%clk 1:32:20]} h6 {[%clk 1:31:59]}
6. Be3 {[%clk 1:32:40]} Bb6 {[%clk 1:32:06]} 7. a3 {[%clk 1:31:25]} d6
{[%clk 1:32:06]} 8. h3 {[%clk 1:31:37]} Be6 {[%clk 1:32:23]} 9. Nd5
{[%clk 1:30:41]} Bxd5 {[%clk 1:31:48]} 10. Bxd5 {[%clk 1:31:04]} Nxd5
{[%clk 1:31:23]} 11. exd5 {[%clk 1:31:27]} Ne7 {[%clk 1:31:39]} 12. c4
{[%clk 1:31:43]} O-O {[%clk 1:31:39]} 13. O-O {[%clk 1:31:00]} Nf5
{[%clk 1:31:18]} 14. Bxb6 {[%clk 1:30:45]} axb6 {[%clk 1:31:39]} 15. g4
{[%clk 1:29:07]} Nh4 {[%clk 1:31:08]} 16. Nxh4 {[%clk 1:27:11]} Qxh4
{[%clk 1:30:46]} 17. Kg2 {[%clk 1:26:52]} f5 {[%clk 1:30:51]} 18. f3
{[%clk 1:26:55]} f4 {[%clk 1:31:08]} 19. Qe1 {[%clk 1:27:06]} Qxe1
{[%clk 1:30:18]} 20. Raxe1 {[%clk 1:27:24]} Ra5 {[%clk 1:30:01]} 21. Re4
{[%clk 1:24:39]} Rf6 {[%clk 1:27:11]} 22. d4 {[%clk 1:23:46]} exd4
{[%clk 1:19:21]} 23. Rxd4 {[%clk 1:24:02]} g5 {[%clk 1:18:38]} 24. Re1
{[%clk 1:24:13]} Kf8 {[%clk 1:17:42]} 25. Rde4 {[%clk 1:24:30]} Ra8
{[%clk 1:15:44]} 26. Re7 {[%clk 1:24:31]} Rf7 {[%clk 1:09:26]} 27. R7e6
{[%clk 1:24:40]} Rh7 {[%clk 1:08:21]} 28. Kf2 {[%clk 1:23:25]} Rc8
{[%clk 1:07:56]} 29. Rf6+ {[%clk 1:20:47]} Kg7 {[%clk 1:07:35]} 30. Ree6
{[%clk 1:20:29]} b5 {[%clk 0:58:42]} 31. cxb5 {[%clk 1:19:33]} b6
{[%clk 0:58:52]} 32. Rg6+ {[%clk 1:19:50]} Kf8 {[%clk 0:57:43]} 33. Rxh6
{[%clk 1:20:07]} Rxh6 34. Rxh6 Kg7 35. Re6 Kf7 {[%clk 0:55:34]} 36. Rh6
{[%clk 1:19:40]} Kg7 {[%clk 0:55:51]} 37. Rh5 {[%clk 1:20:02]} Kg6
{[%clk 0:55:51]} 38. h4 {[%clk 1:20:09]} gxh4 {[%clk 0:55:18]} 39. Rxh4
{[%clk 1:20:33]} Rf8 {[%clk 0:54:25]} 40. Rh1 {[%clk 1:20:30]} Kf6
{[%clk 0:54:43]} 41. Re1 {[%clk 1:20:36]} Kf7 {[%clk 0:48:27]} 42. Re4
{[%clk 1:20:34]} Kg6 {[%clk 0:47:39]} 43. Re7 {[%clk 1:20:53]} Rf7
{[%clk 0:46:37]} 44. Rxf7 {[%clk 1:21:17]} Kxf7 {[%clk 0:46:55]} 45. Ke2
{[%clk 1:21:41]} Kg6 {[%clk 0:46:22]} 46. Kd3 {[%clk 1:22:00]} Kf6
{[%clk 0:45:37]} 47. Ke4 {[%clk 1:22:08]} Kg5 {[%clk 0:44:16]} 48. b4
{[%clk 1:22:28]} Kf6 {[%clk 0:43:35]} 49. Kxf4 {[%clk 1:22:47]} Kg6
{[%clk 0:42:40]} 50. g5 {[%clk 1:23:09]} Kf7 {[%clk 0:41:14]} 51. Kf5
{[%clk 1:23:27]} Kg7 {[%clk 0:41:33]} 52. g6 {[%clk 1:23:42]} Kf8
{[%clk 0:41:49]} 53. Kf6 {[%clk 1:24:00]} Kg8 {[%clk 0:41:43]} 54. g7
{[%clk 1:24:23]} Kh7 {[%clk 0:41:25]} 55. Kf7 {[%clk 1:24:46]} Kh6
{[%clk 0:40:59]} 56. g8=Q {[%clk 1:25:07]} Kh5 {[%clk 0:41:14]} 57. Kf6
{[%clk 1:25:27]} Kh4 {[%clk 0:40:58]} 58. Qg4# 1-0

[Event "2016 Redpath Mining Millionaire Chess Open"]
[Site "Venue: Old Ed’s Sports Complex, Houghton, Johannesburg"]
[Date "2016.07.13"]
[Round "1"]
[Board "25"]
[White "Odendaal, Mikhal Marcus"]
[Black "Akande, Tunde"]
[Result "0-1"]
[WhiteElo "932"]
[BlackElo "1726"]
[PlyCount "0"]
[EventDate "2016.07.13"]
[EventRounds "9"]
[EventCountry "RSA"]

1. d4 {[%clk 1:30:56]} d5 {[%clk 1:30:43]} 2. c4 {[%clk 1:30:51]} c6
{[%clk 1:30:55]} 3. Nc3 {[%clk 1:30:16]} Nf6 {[%clk 1:30:58]} 4. Nf3
{[%clk 1:30:02]} e6 {[%clk 1:31:06]} 5. Bf4 {[%clk 1:29:31]} Be7 {[%clk 1:26:00]}
6. e3 {[%clk 1:27:55]} Nbd7 {[%clk 1:25:34]} 7. Bd3 {[%clk 1:26:53]} Nh5
{[%clk 1:19:06]} 8. Ne2 {[%clk 1:24:02]} Nxf4 {[%clk 1:18:23]} 9. Nxf4
{[%clk 1:23:25]} Bb4+ {[%clk 1:16:53]} 10. Nd2 {[%clk 1:20:51]} e5
{[%clk 1:13:16]} 11. dxe5 {[%clk 1:18:49]} Nxe5 {[%clk 1:12:51]} 12. cxd5
{[%clk 1:17:29]} Nxd3+ {[%clk 1:11:19]} 13. Nxd3 {[%clk 1:16:43]} Bxd2+
{[%clk 1:10:43]} 14. Qxd2 {[%clk 1:16:28]} Qxd5 {[%clk 1:10:43]} 15. O-O
{[%clk 1:14:59]} Bf5 {[%clk 1:07:02]} 16. Rfd1 {[%clk 1:11:22]} O-O-O
{[%clk 1:04:21]} 17. Qc3 {[%clk 1:04:58]} Bxd3 {[%clk 1:01:42]} 18. Rd2
{[%clk 1:02:31]} Qe4 {[%clk 0:58:44]} 19. Rad1 {[%clk 1:00:21]} Bb5
{[%clk 0:48:46]} 20. Rxd8+ {[%clk 0:56:31]} Rxd8 {[%clk 0:47:40]} 21. Re1
{[%clk 0:55:48]} f6 {[%clk 0:47:07]} 22. h3 {[%clk 0:55:00]} Rd5 {[%clk 0:43:08]}
23. Qc1 {[%clk 0:52:37]} Rg5 {[%clk 0:40:12]} 24. f3 {[%clk 0:51:30]} Qxf3
{[%clk 0:39:38]} 25. Qc2 {[%clk 0:50:49]} Bd3 {[%clk 0:38:10]} 26. Qd2
{[%clk 0:50:47]} Be4 {[%clk 0:38:23]} 27. Re2 {[%clk 0:50:27]} Qxh3
{[%clk 0:37:17]} 28. Rf2 {[%clk 0:49:15]} Rxg2+ {[%clk 0:36:45]} 29. Rxg2
{[%clk 0:49:11]} Qxg2+ {[%clk 0:36:58]} 30. Qxg2 {[%clk 0:49:37]} Bxg2
{[%clk 0:37:17]} 31. Kxg2 {[%clk 0:50:00]} Kd7 {[%clk 0:37:33]} 32. Kg3
{[%clk 0:50:16]} Ke6 {[%clk 0:37:51]} 33. Kg4 {[%clk 0:50:37]} Ke5
{[%clk 0:37:57]} 34. Kf3 {[%clk 0:50:47]} h5 {[%clk 0:38:13]} 35. a4
{[%clk 0:50:26]} a5 {[%clk 0:38:21]} 36. b3 {[%clk 0:50:45]} b5 {[%clk 0:38:30]}
37. axb5 {[%clk 0:50:25]} cxb5 {[%clk 0:38:33]} 0-1

[Event "2016 Redpath Mining Millionaire Chess Open"]
[Site "Venue: Old Ed’s Sports Complex, Houghton, Johannesburg"]
[Date "2016.07.13"]
[Round "1"]
[Board "26"]
[White "Jurgens, John C."]
[Black "Arjunan, Zander"]
[Result "0-1"]
[WhiteElo "1714"]
[BlackElo "715"]
[PlyCount "0"]
[EventDate "2016.07.13"]
[EventRounds "9"]
[EventCountry "RSA"]

1. c4 {[%clk 1:30:46]} e5 {[%clk 1:30:38]} 2. Nc3 {[%clk 1:31:00]} Nf6
{[%clk 1:30:46]} 3. e4 {[%clk 1:31:03]} Bc5 {[%clk 1:30:41]} 4. d3
{[%clk 1:28:38]} O-O {[%clk 1:30:19]} 5. Nf3 {[%clk 1:27:36]} Nc6
{[%clk 1:29:07]} 6. Be2 {[%clk 1:27:18]} d6 {[%clk 1:29:03]} 7. O-O
{[%clk 1:27:29]} Be6 {[%clk 1:28:58]} 8. a3 {[%clk 1:23:33]} a5 {[%clk 1:28:27]}
9. Bg5 {[%clk 1:23:13]} Ne7 {[%clk 1:25:50]} 10. d4 {[%clk 1:21:44]} exd4
{[%clk 1:25:38]} 11. Nxd4 {[%clk 1:22:00]} Ng6 {[%clk 1:24:48]} 12. Nd5
{[%clk 1:19:42]} Bxd5 {[%clk 1:24:42]} 13. exd5 {[%clk 1:18:50]} b6
{[%clk 1:22:21]} 14. Nc6 {[%clk 1:17:18]} Qd7 {[%clk 1:17:16]} 15. Bxf6
{[%clk 1:11:17]} gxf6 {[%clk 1:17:22]} 16. Qd2 {[%clk 1:09:25]} Qf5
{[%clk 1:16:12]} 17. b4 {[%clk 1:08:48]} axb4 {[%clk 1:14:47]} 18. axb4
{[%clk 1:09:12]} Rxa1 {[%clk 1:14:54]} 19. Rxa1 {[%clk 1:09:34]} Qxf2+
{[%clk 1:14:40]} 20. Kh1 {[%clk 1:09:44]} Nh4 {[%clk 1:13:37]} 21. Bf3
{[%clk 1:06:45]} Qxd2 {[%clk 1:13:53]} 22. bxc5 {[%clk 1:07:09]} Re8
{[%clk 1:13:20]} 23. Kg1 0-1

[Event "2016 Redpath Mining Millionaire Chess Open"]
[Site "Venue: Old Ed’s Sports Complex, Houghton, Johannesburg"]
[Date "2016.07.13"]
[Round "1"]
[Board "27"]
[White "Tabane, Gomolemo"]
[Black "Jacobs, Cavan"]
[Result "0-1"]
[WhiteElo "647"]
[BlackElo "1697"]
[PlyCount "0"]
[EventDate "2016.07.13"]
[EventRounds "9"]
[EventCountry "RSA"]

1. g3 Nf6 2. Nf3 g6 3. Nc3 d5 4. d4 Bg7 5. Bh3 Bxh3 6. Be3 Nbd7 7. Qd2 O-O 8.
O-O-O Bg2 9. Rhg1 Bxf3 10. exf3 Nb6 11. Kb1 Nc4 12. Qd3 Nxe3 13. Qxe3 c6 14. Rc1
Nd7 15. Qd3 Nb6 16. Rge1 Nc4 17. Ka1 e6 18. Na4 b6 19. Nc3 b5 20. Nd1 Qb6 21. b3
Nd6 22. g4 Qxd4+ 23. Nb2 Qxb2# 0-1

[Event "2016 Redpath Mining Millionaire Chess Open"]
[Site "Venue: Old Ed’s Sports Complex, Houghton, Johannesburg"]
[Date "2016.07.14"]
[Round "2"]
[Board "1"]
[White "Mpya, Tshediso M"]
[Black "Makoto, Rodwell"]
[Result "0-1"]
[WhiteElo "1941"]
[BlackElo "2406"]
[PlyCount "0"]
[EventDate "2016.07.13"]
[EventRounds "9"]
[EventCountry "RSA"]

1. d4 {[%clk 1:30:58]} d5 {[%clk 1:30:41]} 2. Nf3 {[%clk 1:31:21]} Nf6
{[%clk 1:31:01]} 3. Bf4 {[%clk 1:31:45]} c5 {[%clk 1:31:26]} 4. e3
{[%clk 1:31:48]} Nc6 {[%clk 1:31:50]} 5. Nc3 {[%clk 1:32:10]} a6 {[%clk 1:31:47]}
6. Be2 {[%clk 1:32:02]} Bg4 {[%clk 1:31:30]} 7. O-O {[%clk 1:24:13]} e6
{[%clk 1:31:19]} 8. a3 {[%clk 1:15:16]} Rc8 {[%clk 1:28:06]} 9. h3
{[%clk 1:11:01]} Bh5 {[%clk 1:21:39]} 10. Qd2 {[%clk 1:08:23]} cxd4
{[%clk 1:10:10]} 11. exd4 {[%clk 1:07:34]} Be7 {[%clk 1:09:59]} 12. Rfe1
{[%clk 0:57:54]} O-O {[%clk 1:07:44]} 13. Qe3 {[%clk 0:43:03]} Bxf3
{[%clk 1:03:31]} 14. Bxf3 {[%clk 0:41:15]} Qb6 {[%clk 1:03:42]} 15. Be5
{[%clk 0:38:26]} Nxe5 {[%clk 1:03:34]} 16. dxe5 {[%clk 0:37:30]} d4
{[%clk 0:54:15]} 17. Na4 {[%clk 0:37:39]} dxe3 {[%clk 0:52:53]} 18. Nxb6
{[%clk 0:38:00]} exf2+ {[%clk 0:53:18]} 19. Kxf2 {[%clk 0:38:18]} Rxc2+
{[%clk 0:51:53]} 20. Re2 {[%clk 0:38:04]} Bc5+ {[%clk 0:52:12]} 21. Kf1
{[%clk 0:38:15]} Rxe2 {[%clk 0:51:46]} 22. Kxe2 {[%clk 0:38:42]} Bxb6
{[%clk 0:52:04]} 23. exf6 {[%clk 0:39:11]} gxf6 {[%clk 0:51:01]} 24. Bxb7
{[%clk 0:39:38]} Bd4 {[%clk 0:49:11]} 25. Bxa6 {[%clk 0:39:48]} Ra8
{[%clk 0:48:57]} 26. Bb7 {[%clk 0:33:07]} Rb8 {[%clk 0:46:54]} 27. Be4
{[%clk 0:28:32]} Rxb2+ {[%clk 0:46:38]} 28. Kd3 {[%clk 0:28:57]} Be5
{[%clk 0:46:56]} 29. Rc1 {[%clk 0:28:10]} Rb3+ {[%clk 0:47:10]} 30. Kc4
{[%clk 0:28:00]} Rxa3 {[%clk 0:47:33]} 31. Kc5 {[%clk 0:28:12]} Kg7
{[%clk 0:47:02]} 32. Kc6 {[%clk 0:28:25]} f5 {[%clk 0:46:38]} 33. Bf3
{[%clk 0:28:52]} Bf6 {[%clk 0:45:26]} 34. Rd1 {[%clk 0:29:10]} Rc3+
{[%clk 0:43:51]} 35. Kb6 {[%clk 0:27:35]} Be7 {[%clk 0:43:16]} 36. Rd7
{[%clk 0:27:52]} Kf6 {[%clk 0:43:25]} 37. Rb7 {[%clk 0:27:25]} e5
{[%clk 0:43:02]} 38. Kb5 {[%clk 0:26:11]} e4 {[%clk 0:42:32]} 39. Bh5
{[%clk 0:26:38]} Rb3+ {[%clk 0:39:15]} 40. Kc6 {[%clk 0:27:06]} Rg3
{[%clk 0:37:58]} 41. Kd7 {[%clk 0:27:11]} Rxg2 {[%clk 0:37:53]} 42. Ke8
{[%clk 0:27:31]} Rg8+ {[%clk 0:37:47]} 43. Kd7 {[%clk 0:27:51]} Rd8+
{[%clk 0:38:08]} 44. Kc7 {[%clk 0:28:04]} Rd6 {[%clk 0:38:23]} 45. Rb8
{[%clk 0:27:47]} f4 {[%clk 0:38:36]} 46. Rh8 {[%clk 0:28:08]} Rd5
{[%clk 0:38:17]} 47. Bg4 {[%clk 0:24:31]} h5 {[%clk 0:37:54]} 48. Rxh5
{[%clk 0:24:48]} Rxh5 {[%clk 0:38:17]} 49. Bxh5 {[%clk 0:25:17]} f3
{[%clk 0:38:08]} 50. Kc6 {[%clk 0:25:34]} Kg5 {[%clk 0:38:13]} 51. Bxf7
{[%clk 0:25:18]} e3 {[%clk 0:38:40]} 0-1

[Event "2016 Redpath Mining Millionaire Chess Open"]
[Site "Venue: Old Ed’s Sports Complex, Houghton, Johannesburg"]
[Date "2016.07.14"]
[Round "2"]
[Board "2"]
[White "Jere, Daniel"]
[Black "Musekiwa, Michael"]
[Result "1-0"]
[WhiteElo "2368"]
[BlackElo "1880"]
[PlyCount "0"]
[EventDate "2016.07.13"]
[EventRounds "9"]
[EventCountry "RSA"]

1. c4 Nf6 2. g3 e6 3. Bg2 d5 4. Nf3 c6 5. O-O dxc4 6. a4 Qa5 7. Qc2 b5 8. Na3 Bb7
9. b3 cxb3 10. Qxb3 b4 11. Nc4 Qc7 12. d4 Nd5 13. e4 Nb6 14. Bf4 Qd8 15. Na5 Qe7
16. Rfc1 f6 17. Nxb7 Qxb7 18. a5 Nc8 19. Qxe6+ Be7 20. Bh3 Qd7 21. Qxd7+ Nxd7 22.
Rxc6 g5 23. Rac1 gxf4 24. Rxc8+ Rxc8 25. Rxc8+ Bd8 26. Ra8 fxg3 27. hxg3 Rf8 28.
Rxa7 Rf7 29. a6 Nb6 30. Rxf7 Kxf7 31. a7 Na8 32. Bd7 Bb6 33. Bc6 b3 34. Bxa8 b2
35. Bd5+ Kg7 36. a8=Q b1=Q+ 37. Kg2 Qb4 38. Qg8+ Kh6 39. Nh4 Bxd4 40. Nf5+ Kh5
41. Bf7# 1-0

[Event "2016 Redpath Mining Millionaire Chess Open"]
[Site "Venue: Old Ed’s Sports Complex, Houghton, Johannesburg"]
[Date "2016.07.14"]
[Round "2"]
[Board "3"]
[White "Tembo, Epah"]
[Black "Oatlhotse, Providence"]
[Result "0-1"]
[WhiteElo "1919"]
[BlackElo "2250"]
[PlyCount "0"]
[EventDate "2016.07.13"]
[EventRounds "9"]
[EventCountry "RSA"]

1. e4 {[%clk 1:28:28]} e5 {[%clk 1:30:51]} 2. d3 {[%clk 1:28:22]} Bc5
{[%clk 1:30:19]} 3. Nf3 {[%clk 1:26:40]} Nc6 {[%clk 1:30:18]} 4. g3
{[%clk 1:26:01]} Nf6 {[%clk 1:29:58]} 5. Bg2 {[%clk 1:26:13]} O-O
{[%clk 1:30:21]} 6. O-O {[%clk 1:26:31]} d6 {[%clk 1:30:34]} 7. h3
{[%clk 1:26:15]} h6 {[%clk 1:28:45]} 8. Nbd2 {[%clk 1:24:58]} Re8
{[%clk 1:28:35]} 9. Re1 {[%clk 1:23:54]} Be6 {[%clk 1:28:23]} 10. Qe2
{[%clk 1:18:52]} Qd7 {[%clk 1:27:53]} 11. Kh2 {[%clk 1:18:59]} Rad8
{[%clk 1:28:06]} 12. Nf1 {[%clk 1:17:53]} d5 {[%clk 1:26:57]} 13. N1d2
{[%clk 1:03:29]} dxe4 {[%clk 1:23:56]} 14. Nxe4 {[%clk 1:02:22]} Nxe4
{[%clk 1:23:10]} 15. dxe4 {[%clk 1:02:45]} Nd4 {[%clk 1:17:32]} 16. Nxd4
{[%clk 1:00:44]} Bxd4 {[%clk 1:17:57]} 17. c3 {[%clk 0:55:15]} Bb6
{[%clk 1:18:25]} 18. Bf1 {[%clk 0:52:30]} Qc6 {[%clk 1:16:24]} 19. Be3
{[%clk 0:42:58]} Qxe4 {[%clk 1:11:06]} 20. Bxb6 {[%clk 0:43:01]} Qxe2
{[%clk 1:11:20]} 21. Rxe2 {[%clk 0:43:07]} axb6 {[%clk 1:11:17]} 22. Rxe5
{[%clk 0:42:44]} Rd2 {[%clk 1:10:50]} 23. Re2 {[%clk 0:42:50]} Red8
{[%clk 1:09:52]} 24. Rae1 {[%clk 0:42:48]} Rxe2 {[%clk 1:07:13]} 25. Bxe2
{[%clk 0:35:56]} Rd2 {[%clk 1:07:18]} 26. Kg2 {[%clk 0:35:19]} Rxb2
{[%clk 1:07:16]} 27. Bf3 {[%clk 0:35:34]} c6 {[%clk 1:06:38]} 28. a4
{[%clk 0:30:42]} Rb3 {[%clk 1:06:39]} 29. Rc1 {[%clk 0:31:06]} Kf8
{[%clk 1:06:41]} 30. h4 {[%clk 0:31:31]} Ke7 {[%clk 1:06:58]} 31. Bd1
{[%clk 0:25:01]} Rb2 {[%clk 1:07:05]} 32. Bc2 {[%clk 0:25:06]} Kd6
{[%clk 1:07:16]} 33. Kf3 {[%clk 0:25:28]} Kc5 {[%clk 1:07:26]} 34. Ke3
{[%clk 0:25:34]} Bb3 {[%clk 1:06:51]} 35. Bxb3 {[%clk 0:25:09]} Rxb3
{[%clk 1:07:19]} 36. Kd3 {[%clk 0:25:28]} Rb2 {[%clk 1:07:27]} 37. Rf1
{[%clk 0:24:42]} Ra2 {[%clk 1:07:44]} 38. f4 {[%clk 0:24:58]} Rxa4
{[%clk 1:07:56]} 39. Re1 {[%clk 0:25:19]} Kd6 {[%clk 1:08:12]} 40. Re8
{[%clk 0:25:43]} Ra5 {[%clk 1:07:22]} 41. Rd8+ {[%clk 0:25:29]} Ke7
{[%clk 1:07:14]} 42. Rb8 {[%clk 0:25:45]} Rd5+ {[%clk 1:07:28]} 43. Kc4
{[%clk 0:25:23]} Rd7 {[%clk 1:07:50]} 44. g4 {[%clk 0:25:03]} f6 {[%clk 1:07:46]}
45. g5 {[%clk 0:23:52]} fxg5 {[%clk 1:08:11]} 46. hxg5 {[%clk 0:24:14]} hxg5
{[%clk 1:08:37]} 47. fxg5 {[%clk 0:24:33]} Ke6 48. Kd4 Ke5+ 0-1

[Event "2016 Redpath Mining Millionaire Chess Open"]
[Site "Venue: Old Ed’s Sports Complex, Houghton, Johannesburg"]
[Date "2016.07.14"]
[Round "2"]
[Board "4"]
[White "Van Rensburg, Ryan Pierre"]
[Black "Mateus, Domingos"]
[Result "1/2-1/2"]
[WhiteElo "2220"]
[BlackElo "1877"]
[PlyCount "0"]
[EventDate "2016.07.13"]
[EventRounds "9"]
[EventCountry "RSA"]

1. d4 {[%clk 1:30:46]} Nf6 {[%clk 1:30:00]} 2. c4 {[%clk 1:31:11]} g6
{[%clk 1:30:21]} 3. f3 {[%clk 1:31:38]} d5 {[%clk 1:30:20]} 4. cxd5
{[%clk 1:32:03]} Nxd5 {[%clk 1:30:10]} 5. e4 {[%clk 1:32:32]} Nb6 6. Nc3 Bg7
{[%clk 1:29:46]} 7. Be3 {[%clk 1:32:56]} O-O {[%clk 1:24:19]} 8. Qd2
{[%clk 1:33:12]} f5 {[%clk 1:21:03]} 9. e5 {[%clk 1:33:01]} Be6 {[%clk 1:21:08]}
10. Nh3 {[%clk 1:30:51]} Bc4 {[%clk 1:17:01]} 11. b3 {[%clk 1:28:16]} Bxf1
{[%clk 1:15:51]} 12. Kxf1 {[%clk 1:27:01]} Qd7 {[%clk 1:14:04]} 13. Nf4
{[%clk 1:21:25]} e6 {[%clk 1:13:08]} 14. h4 {[%clk 1:19:27]} Nc6 {[%clk 1:10:37]}
15. Kf2 {[%clk 1:17:25]} Rad8 {[%clk 1:09:13]} 16. Rhd1 {[%clk 1:16:17]} Qe7
{[%clk 1:09:02]} 17. g3 {[%clk 1:15:40]} Bxe5 {[%clk 1:09:15]} 18. Nfe2
{[%clk 1:13:33]} Bf6 19. Bg5 Bxg5 20. hxg5 e5 1/2-1/2

[Event "2016 Redpath Mining Millionaire Chess Open"]
[Site "Venue: Old Ed’s Sports Complex, Houghton, Johannesburg"]
[Date "2016.07.14"]
[Round "2"]
[Board "5"]
[White "February, Jesse Nikki"]
[Black "Simutowe, Musatwe"]
[Result "0-1"]
[WhiteElo "1906"]
[BlackElo "2163"]
[PlyCount "0"]
[EventDate "2016.07.13"]
[EventRounds "9"]
[EventCountry "RSA"]

1. e4 {[%clk 1:30:40]} c6 {[%clk 1:30:51]} 2. d4 {[%clk 1:30:55]} d5
{[%clk 1:31:12]} 3. exd5 {[%clk 1:31:19]} cxd5 {[%clk 1:31:37]} 4. Bd3
{[%clk 1:31:39]} Nc6 {[%clk 1:32:01]} 5. c3 {[%clk 1:31:57]} e5 {[%clk 1:32:09]}
6. dxe5 {[%clk 1:31:26]} Nxe5 {[%clk 1:32:31]} 7. Qe2 {[%clk 1:29:52]} Qe7
{[%clk 1:32:53]} 8. Bb5+ {[%clk 1:28:52]} Bd7 {[%clk 1:33:16]} 9. Bxd7+
{[%clk 1:28:40]} Nxd7 {[%clk 1:33:41]} 10. Nf3 {[%clk 1:27:57]} Qxe2+
{[%clk 1:28:00]} 11. Kxe2 {[%clk 1:27:06]} Bc5 {[%clk 1:28:00]} 12. Be3
{[%clk 1:18:59]} Bxe3 {[%clk 1:27:28]} 13. Kxe3 {[%clk 1:19:19]} Ngf6
{[%clk 1:27:38]} 14. Nbd2 {[%clk 1:14:55]} O-O {[%clk 1:25:01]} 15. Rae1
{[%clk 1:06:18]} Nc5 {[%clk 1:07:01]} 16. Ne5 {[%clk 1:04:11]} Rfe8
{[%clk 1:06:48]} 17. Kf4 {[%clk 0:45:26]} Nfd7 {[%clk 1:00:40]} 18. Nb3
{[%clk 0:32:22]} Rxe5 {[%clk 0:56:38]} 19. Nxc5 {[%clk 0:27:49]} Rxe1
{[%clk 0:56:33]} 20. Rxe1 {[%clk 0:28:11]} Nxc5 {[%clk 0:56:58]} 0-1